El coste del proceso y el derecho de justicia gratuita

Detalles Bibliográficos
Autor principal: Gonzl̀ez Pillado, Esther
Formato: Desconocido
Lenguaje:español
Publicado: Madrid : Boletn̕ Oficial del Estado, 2004
Materias:
Acceso en línea:Acceso restringido

MARC

LEADER 00000ny a22000003n 4500
005 20110524122950.0
008 080724s2004 sp s 000 0 spa c
020 |a 8434015153 
035 |a 1775 
040 |a UMA.RE  |d vLex 
080 |a 347.921.6(0.034) 
090 |c 213  |d 213 
100 1 |a Gonzl̀ez Pillado, Esther 
245 1 3 |a El coste del proceso y el derecho de justicia gratuita  |h [Recurso electrn̤ico]  |c Esther Gonzl̀ez Pillado, Luis Diego Espino Hernǹdez 
256 |a Servicio en ln̕ea 
260 |a Madrid :  |b Boletn̕ Oficial del Estado,  |c 2004 
506 1 |a Contenido solo disponible en los productos indicados  |d vLex Global  |d vLex Global (Academic Edition, excluding Law Schools)  |d vLex Global (U.S. Academic Edition, Law Schools)  |d vLex Global (U.S. Academic Edition, excluding Law Schools)  |d vLex Global (Academic Edition, Law Schools) 
650 0 7 |a Procesal  |2 Tesauro vLex 
650 0 7 |a Costas  |2 Tesauro vLex 
650 0 7 |a Justicia gratuita  |2 Tesauro vLex 
650 0 7 |a Possibilidade da Liquidaȯ̂ Provisr̤ia  |2 Tesauro vLex 
650 0 7 |a  Independentemente do Trńsito em Julgado da Aȯ̂  |2 Tesauro vLex 
650 0 7 |a Costas procesales  |2 Tesauro vLex 
740 0 |a vLex Libros (Servicios en ln̕ea) 
856 4 0 |u http://vlex.com/source/1775  |z Acceso restringido 
942 |c BOOK 
999 0 |a Procedure Law  |b Madrid